Statistics for Highest-Scoring Jetpunk Quiz #1 in 15 Seconds

Click here to take the quiz!

General Stats

  • This quiz has been taken 7 times
  • The average score is 7 of 10

Answer Stats

GDPcountry% Correct
19,362 bilUnited States
100%
913 bilArgentina
83%
3219 bilBrazil
83%
1764 bilCanada
83%
2406 bilMexico
83%
430 bilPeru
83%
456 bilChile
67%
720 bilColombia
67%
404 bilVenezuela
17%
185 bilEcuador
0%

Score Distribution

Percentile by Number Answered

Percent of People with Each Score

Your Score History

You have not taken this quiz